Statistics for Budgie questions

Click here to take the quiz!

General Stats

  • This quiz has been taken 38 times
  • The average score is 5 of 6

Answer Stats

QuestionAnswer% Correct
What animal is a budgieParrot/Parakeet
96%
What to budgies eatseeds and veggies
96%
where do budgies liveSouthern India and Australia
93%
What is weight of a budgie1.1 - 1.4 oz
64%
Does the Maker of this quiz owns a budgieYes
64%
How popular are budgies in Pet Choice3rd
39%

Score Distribution

Percentile by Number Answered

Percent of People with Each Score

Your Score History

You have not taken this quiz